000
00297nam a22001337a 4500
008
170522b xxu||||| |||| 00| 0 eng d
020
_a
42260
041
_a
eng
080
_2
2ND
_a
94(7/8)
100
_a
16
101
_a
SHH
245
_a
READINGS IN AMERICAN HISTORY
_c
VAN, G.G
942
_2
udc
_c
BK
999
_c
13730
_d
13730